Szczegóły MARC21

Albrecht Altdorfer : Zeichnungen, Deckfarbenmalerei, Druckgraphik : eine Ausstellung zum 450. Todestag von Albrecht Altdorfer, Berlin, 12. Februar - 17. April 1988 : Regensburg, 6. Mai - 10. Juli 1988 /

003 -Nazwa inst., której nr kontr. jest w polu 001 [,]
    • @
    • Nazwa instytucji, której n kontrolny jest w polu 001
    • NUKAT
005 -DATA I CZAS OSTATNIEJ MODYFIKACJI [,]
    • @
    • pole kontrolne
    • 20241231105007.0
020 -Międzynarod. znormalizowany nr książki - ISBN [ , ]
    • a
    • Numer ISBN
    • 3496010479 Find
040 -Instytucja sporządzająca opis [ , ]
    • a
    • Instytucja, która sporządziła opis (NP)
    • WA U/EMB
    • c
    • Instytucja, która sporządziła rekord (NP)
    • WA U/EMBs
    • d
    • Instytucja, która zmodyfikowała rekord (P)
    • WA U/JEK
942 -Rodzaj dokumentu [ , ]
    • c
    • Rodzaj dokumentu
    • Książka
100 -Hasło główne - nazwa osobowa [1, ]
    • a
    • Nazwa osobowa (NP)
    • Mielke, Hans.
    • 9
    • KHW
    • 484773
245 -Strefa tytułu i oznaczenia odpowiedzialności [1,0]
    • a
    • Tytuł
    • Albrecht Altdorfer : Find
    • b
    • Ciąg dalszy tytułu (NP)
    • Zeichnungen, Deckfarbenmalerei, Druckgraphik : eine Ausstellung zum 450. Todestag von Albrecht Altdorfer, Berlin, 12. Februar - 17. April 1988 : Regensburg, 6. Mai - 10. Juli 1988 / Find
    • c
    • Pozostałe elementy strefy tytułu i oznaczenia odpowiedzialności (NP)
    • Hans Mielke ; Kupferstichkabinett, Berlin, Staatliche Museen Preussischer Kulturbesitz, Museen der Stadt Regensburg.
260 -Strefa adresu wydawniczego [ , ]
    • a
    • Miejsce wydania (P)
    • Berlin :
    • b
    • Nazwa wydawcy (P)
    • Staatliche Museen Preussischer Kulturbesitz,
    • c
    • Data wydania (P)
    • 1988.
300 -Strefa opisu fizycznego [ , ]
    • a
    • Określenie formy książki i/lub objętość (NP)
    • 342, [1] s. :
    • b
    • Oznaczenie ilustracji (NP)
    • il. kolor. ;
    • c
    • Format (NP)
    • 27 cm.
336 -Typ zawartości [ , ]
    • a
    • Termin opisujący typ zawartości
    • Tekst
    • b
    • Kod określający zawartość
    • txt
    • 2
    • Źródło (terminu i kodu)
    • rdacontent
337 -Typ mediów [ , ]
    • a
    • Tryb odtwarzania
    • Bez urządzenia pośredniczącego
    • b
    • Kod typu mediów
    • n
    • 2
    • Źródło (terminu i kodu)
    • rdamedia
338 -Typ/rodzaj nośnika [ , ]
    • a
    • Hasło opisujące typ nośnika
    • Wolumin
    • b
    • Kod typu nośnika
    • nc
    • 2
    • Źródło (terminu i kodu)
    • rdacarrier
504 -Uwaga dot. bibliogr. załącznikowej [ , ]
    • a
    • Uwaga dot. bibliografii załącznikowej
    • Bibliogr. s. 339-[343].
600 -Hasło przedmiotowe w formie nazwy osobowej [1,7]
    • a
    • Nazwa osobowa
    • Altdorfer, Albrecht
    • d
    • Daty związane z nazwą
    • (około 1480-1538)
    • v
    • Określnik formalny
    • katalogi.
    • 2
    • Źródło terminu
    • kaba
    • 9
    • KHW
    • 499130
710 -Hasło dodatkowe - nazwa ciała zbiorowego [2, ]
    • a
    • Nazwa ciała zbiorowego lub nazwa geograficzna jako pierwszy element (NP)
    • Museen der Stadt Regensburg.
    • 9
    • KHW
    • 484774
710 -Hasło dodatkowe - nazwa ciała zbiorowego [2, ]
    • a
    • Nazwa ciała zbiorowego lub nazwa geograficzna jako pierwszy element (NP)
    • Kupferstichkabinett (Berlin).
    • 9
    • KHW
    • 241643
730 -Hasło dodatkowe - tytuł ujednolicony [0, ]
    • a
    • Tytuł ujednolicony (NP)
    • Katalog wystawy (Kupferstichkabinett ; Berlin ; 1988)
    • 9
    • KHW
    • 484775
730 -Hasło dodatkowe - tytuł ujednolicony [0, ]
    • a
    • Tytuł ujednolicony (NP)
    • Katalog wystawy (Museen der Stadt Regensburg ; Ratyzbona ; 1988)
    • 9
    • KHW
    • 484776
856 -Dostęp do wersji elektronicznej [4,8]
    • 3
    • Wyszczególnienie materiału
    • Okładka
920 -ISBN [ , ]
    • a
    • ISBN
    • 3-496-01047-9 Find
Data inwentaryzacji Sygnatura Status udost. Lokalizacja Numer inwentarzowy
2019-03-20GERM. Sztuka 031BMG.20321